000 00473nam a2200169Ia 4500
008 090711s9999 xx 000 0 und d
082 _b53998
100 _aकाळे वैजयंती
245 _aथोरला भाऊ
260 _c1986
300 _a279
600 _aकाळे वैजयंती
630 _aथोरला भाऊ
700 _aकाळे वैजयंती
730 _aथोरला भाऊ
942 _cBOOK
999 _c302409
_d302409